| 000 | 00609nam a2200181Ia 4500 | ||
|---|---|---|---|
| 008 | 100921s9999 xx 000 0 und d | ||
| 082 |
_b10649 _a820 थ 42 |
||
| 100 | _aPandit Raghunathrao S. | ||
| 245 | _aRoyal Coronation & My Second Trip To Europe.1937. | ||
| 260 |
_bसाने एल.आर.भोर. _c1942 |
||
| 300 |
_a139 _b--- |
||
| 365 | _b0 | ||
| 520 | _aललित इंग्रजी. | ||
| 630 | _aRoyal Coronation & My Second Trip To Europe.1937. | ||
| 650 | _aललित इंग्रजी. | ||
| 730 | _aRoyal Coronation & My Second Trip To Europe.1937. | ||
| 942 | _cBOOK | ||
| 999 |
_c759762 _d759759 |
||